Normal view
MARC view
Entry Personal Name
001 - CONTROL NUMBER
- control field: 40697
003 - CONTROL NUMBER IDENTIFIER
- control field: dpl
005 - DATE AND TIME OF LATEST TRANSACTION
- control field: 20120203124716.0
008 - FIXED-LENGTH DATA ELEMENTS
- fixed length control field: 120203|||a|||||| | ||| d
040 ## - CATALOGING SOURCE
- Original cataloging agency: dpl
- Transcribing agency: dpl
100 ## - HEADING--PERSONAL NAME
- Personal name: Noonan, Wesley J.
670 ## - SOURCE DATA FOUND
- Source citation: Work cat.: (dpl): Noonan, Wesley J., Hardening network infrastructure /, 2004
670 ## - SOURCE DATA FOUND
- Source citation: Work cat.: (dpl): Noonan, Wesley J., Hardening network infrastructure /, 2004
